000 01125nam a22002297a 4500
005 20111102142633.0
008 111102t xxu||||| |||| 00| 0 mar d
010 _aMAR-21507
020 _c150.00
_a9788191018332
035 _aMR-14165
037 _bDBAD / PUB
040 _aDPL
_bMR
082 _a891.4608
100 _aकाळे,वामन
_935655
245 _aआकाशातील आकाश /
_cवामन काळे
246 _aAakashatil Aakash
_bby Vaman Kale
260 _aकोल्हापूर
_bरावा प्रकाशन
_c2010
270 _aअभिनंदन बुक डेपो,1495,'बी' इंदुमती अपार्टमेंट,गुलाब गल्ली,मंगलवार पेठ,
_bकोल्हापूर
_e416012
300 _a158पृ.
_b21सेमी(अजिल्द)
942 _2ddc
_cMR
_h891.4608
_mकालेवा
999 _c58013
_d58013